| 000 | 01362cam a2200409 i 4500 | ||
|---|---|---|---|
| 001 | 200459986 | ||
| 003 | TR-AnTOB | ||
| 005 | 20250529150400.0 | ||
| 007 | ta | ||
| 008 | 140904t20222019tu a 001 0 tur d | ||
| 020 | _a9786058060623 | ||
| 040 |
_aBGZ _beng _erda _cBGZ _dTR-AnTOB |
||
| 041 | 1 |
_atur _heng |
|
| 050 | 1 | 4 |
_aJZ1310 _b.H4919 2022 |
| 090 |
_aJZ1310 _b.H4919 2022 |
||
| 100 | 1 |
_aHeywood, Andrew _974573 _eauthor |
|
| 240 | 1 | 0 |
_aGlobal politics. _lTurkish. |
| 245 | 1 | 0 |
_aKüresel siyaset / _cAndrew Heywood ; çevirenler, Nasuh Uslu, Haluk Özdemir. |
| 250 | _a7.Baskı | ||
| 250 | _aGüncellenmiş ve Genişletilmiş 2. Edisyondan Çeviri | ||
| 264 | 1 |
_aAltındağ, Ankara : _bFelix Kitap, _c2022. |
|
| 264 | 4 | _c©2019 | |
| 300 |
_a725 pages : _billustrations ; _c24 cm |
||
| 336 |
_atext _btxt _2rdacontent |
||
| 337 |
_aunmediated _bn _2rdamedia |
||
| 338 |
_avolume _bnc _2rdacarrier |
||
| 490 | 0 |
_aFelix Kitap _v2 |
|
| 500 | _aEserin özgün adı: Global politics. | ||
| 504 | _aBIBINDX | ||
| 650 | 7 |
_aDünya politikası _96466 _2etuturkob |
|
| 650 | 7 |
_aUluslararası ilişkiler _922141 _2etuturkob |
|
| 700 |
_aUslu, Nasuh, _d1966- _etranslator _979660 |
||
| 700 |
_aÖzdemir, Haluk _985479 _etranslator |
||
| 856 | 4 | 0 | _uhttp://www.felixkitap-ilkbakis.com/Kuresel_Siyaset_Kaynakca.pdf |
| 942 |
_2lcc _cBK |
||
| 999 |
_c200459986 _d78198 |
||